[Event "Izmir op 15th"]
[Site "Izmir"]
[Date "2016.09.09"]
[Round "7"]
[White "Goker, Abdulkadir"]
[Black "Okus, Melih"]
[Result "1-0"]
[WhiteElo "1700"]
[BlackElo "2052"]
[PlyCount "131"]
[EventDate "2016.09.05"]
[EventType "swiss"]
[EventRounds "9"]
[EventCountry "TUR"]
[SourceTitle "CBM 174 Extra"]
[Source "ChessBase"]
[SourceDate "2016.10.10"]
[SourceVersion "1"]
[SourceVersionDate "2016.10.10"]
[SourceQuality "1"]

1. d4 g6 2. e4 Bg7 3. Nc3 a6 4. Bc4 b5 5. Bb3 Bb7 6. f3 e6 7. Nge2 Ne7 8. a4 b4 9. Na2 a5 10. c3 bxc3 11. Naxc3 0-0 12. 0-0 d5 13. e5 c5 14. f4 Nf5 15. Nb5 Qb6 16. g4 Nxd4 17. Nexd4 cxd4 18. Qxd4 Qxd4+ 19. Nxd4 Nc6 20. Nb5 g5 21. f5 Bxe5 22. Bxg5 Nd4 23. Nxd4 Bxd4+ 24. Kg2 Bxb2 25. Ra2 Bd4 26. Rc2 Rfc8 27. Rfc1 Kg7 28. fxe6 Bc3 29. Rxc3 d4+ 30. Rf3 Rxc1 31. Bxc1 fxe6 32. Bxe6 Re8 33. Bf5 Re2+ 34. Kg3 Bxf3 35. Kxf3 Ra2 36. Bd7 Kf6 37. Ke4 Ke7 38. Bb5 Rxh2 39. Kxd4 Rg2 40. g5 Ke6 41. Be3 Kd6 42. Bf4+ Ke6 43. Bd3 Rg4 44. Ke3 Rh4 45. Bb5 Rh3+ 46. Ke4 Ra3 47. Bc7 Rh3 48. Bxa5 Rh4+ 49. Kf3 Kf5 50. Bd7+ Kg6 51. Bb6 Rb4 52. Be3 Rb3 53. Ke4 Ra3 54. Be8+ Kg7 55. Bd4+ Kg8 56. Kd5 Ra2 57. Kc5 Rg2 58. Bf6 Kf8 59. Bc6 Rc2+ 60. Kb6 Kf7 61. a5 h6 62. Bd5+ Kf8 63. gxh6 Rc8 64. h7 Rb8+ 65. Kc7 Rc8+ 66. Kxc8 1-0

[Event "Izmir op 15th"]
[Site "Izmir"]
[Date "2016.09.05"]
[Round "1"]
[White "Tahaoglu, Erson"]
[Black "Okus, Melih"]
[Result "0-1"]
[WhiteElo "1536"]
[BlackElo "2052"]
[PlyCount "88"]
[EventDate "2016.09.05"]
[EventType "swiss"]
[EventRounds "9"]
[EventCountry "TUR"]
[SourceTitle "CBM 174 Extra"]
[Source "ChessBase"]
[SourceDate "2016.10.10"]
[SourceVersion "1"]
[SourceVersionDate "2016.10.10"]
[SourceQuality "1"]

1. c4 Nf6 2. Nc3 b6 3. e4 e5 4. d3 Bb7 5. Nf3 Nc6 6. g3 Bc5 7. Na4 Bb4+ 8. Bd2 Qe7 9. Nc3 0-0 10. a3 Bxc3 11. Bxc3 Nd4 12. Nxd4 exd4 13. Bxd4 Nxe4 14. Qe2 Qd6 15. dxe4 Qxd4 16. Rd1 Qxe4 17. Qxe4 Bxe4 18. Rg1 Rfe8 19. Kd2 Bf3 20. Re1 Rxe1 21. Kxe1 d5 22. Kd2 d4 23. Bg2 Bxg2 24. Rxg2 c5 25. f4 Re8 26. b4 Re3 27. bxc5 bxc5 28. a4 Ra3 29. Rg1 Rxa4 30. Kd3 f5 31. g4 Ra3+ 32. Kc2 Rc3+ 33. Kd2 fxg4 34. Rxg4 Rxc4 35. Kd3 Rc3+ 36. Ke4 d3 37. f5 Rc4+ 38. Kd5 Rxg4 39. Kxc5 d2 40. h3 Rg3 41. h4 d1Q 42. Kc6 Rc3+ 43. Kb7 Qd7+ 44. Ka8 Rc8# 0-1

[Event "TUR-chT2"]
[Site "Konya"]
[Date "2016.07.21"]
[Round "7.6"]
[White "Okus, Melih"]
[Black "Bulduk, Ibrahim Ege"]
[Result "1/2-1/2"]
[WhiteElo "2045"]
[BlackElo "1858"]
[PlyCount "138"]
[EventDate "2016.07.17"]
[EventType "team-swiss"]
[EventRounds "9"]
[EventCountry "TUR"]
[SourceTitle "CBM 173 Extra"]
[Source "ChessBase"]
[SourceDate "2016.08.29"]
[SourceVersion "1"]
[SourceVersionDate "2016.08.29"]
[SourceQuality "1"]
[WhiteTeam "Izmir Rota Koleji"]
[BlackTeam "Ordu Azdur"]
[WhiteTeamCountry "TUR"]
[BlackTeamCountry "TUR"]

1. c4 f5 2. g3 Nf6 3. Bg2 e6 4. b3 Be7 5. Bb2 0-0 6. d4 d6 7. Nh3 c6 8. Nd2 Qc7 9. 0-0 e5 10. e4 exd4 11. Bxd4 fxe4 12. Nxe4 Bf5 13. Re1 Nbd7 14. Neg5 Rfe8 15. Qf3 Bg4 16. Qf4 Bf8 17. Ne4 Nxe4 18. Qxg4 Nef6 19. Qf5 Ne5 20. f4 Qd7 21. Qxd7 Nexd7 22. Ng5 d5 23. Ne6 Bb4 24. Re2 Bc5 25. cxd5 Bxd4+ 26. Nxd4 Rxe2 27. Nxe2 Nxd5 28. Rc1 N7f6 29. Nc3 Nxc3 30. Rxc3 Rd8 31. Rc2 Rd1+ 32. Kf2 Kf7 33. Bf3 Rd6 34. b4 a6 35. a4 Ke7 36. Rb2 Kd7 37. b5 axb5 38. axb5 cxb5 39. Rxb5 b6 40. h4 h6 41. g4 Kc7 42. Re5 Rd4 43. Ke3 Rd7 44. g5 hxg5 45. fxg5 Ng8 46. Kf4 Ne7 47. h5 Nc6 48. Re1 Rf7+ 49. Kg4 Nd4 50. Be4 Kd6 51. Bg6 Rf8 52. h6 gxh6 53. gxh6 Ne6 54. Bf5 Rg8+ 55. Kh4 Nf8 56. Re8 Rh8 57. Kh5 b5 58. Rb8 Ke5 59. Rxb5+ Kf6 60. Bc2 Rg8 61. Rf5+ Ke7 62. Re5+ Kf6 63. Rf5+ Ke7 64. Rf2 Rg1 65. Rh2 Kf6 66. h7 Kg7 67. Re2 Nxh7 68. Bxh7 Kxh7 69. Re7+ Kg8 1/2-1/2

[Event "TUR-chT2"]
[Site "Konya"]
[Date "2016.07.18"]
[Round "2.7"]
[White "Okus, Melih"]
[Black "Uygur, Onur"]
[Result "1-0"]
[WhiteElo "2045"]
[BlackElo "1901"]
[PlyCount "69"]
[EventDate "2016.07.17"]
[EventType "team-swiss"]
[EventRounds "9"]
[EventCountry "TUR"]
[SourceTitle "CBM 173 Extra"]
[Source "ChessBase"]
[SourceDate "2016.08.29"]
[SourceVersion "1"]
[SourceVersionDate "2016.08.29"]
[SourceQuality "1"]
[WhiteTeam "Izmir Rota Koleji"]
[BlackTeam "Ankara Orta Dogu"]
[WhiteTeamCountry "TUR"]
[BlackTeamCountry "TUR"]

1. b3 e5 2. Bb2 Nc6 3. g3 h5 4. Bg2 d5 5. e4 d4 6. Qe2 Be6 7. Na3 Qd7 8. f4 f6 9. Nf3 exf4 10. gxf4 0-0-0 11. Nc4 b5 12. Na3 a6 13. 0-0 Bc5 14. d3 h4 15. f5 Bf7 16. e5 Qe7 17. e6 h3 18. Bh1 Be8 19. Nb1 Rh5 20. a4 b4 21. Nbd2 Rxf5 22. Rae1 Rf4 23. Ne4 Qxe6 24. Qf2 Rg4+ 25. Ng3 Qd6 26. Nd2 Nh6 27. Nde4 Qf8 28. Bf3 Rf4 29. Bc1 Ng4 30. Bxg4+ Rxg4 31. Qf5+ Bd7 32. Qxc5 f5 33. Qxf8 Rxf8 34. Nf2 Rg6 35. Nxh3 1-0

[Event "Manavgat Turkey Cup"]
[Site "Manavgat"]
[Date "2016.02.02"]
[Round "5"]
[White "Okus, Melih"]
[Black "Benk, Tolga Tugay"]
[Result "1-0"]
[WhiteElo "2013"]
[BlackElo "1863"]
[PlyCount "111"]
[EventDate "2016.01.30"]
[EventType "swiss"]
[EventRounds "11"]
[EventCountry "TUR"]
[SourceTitle "CBM 170 Extra"]
[Source "ChessBase"]
[SourceDate "2016.02.25"]
[SourceVersion "1"]
[SourceVersionDate "2016.02.25"]
[SourceQuality "1"]

1. e4 c6 2. Nc3 d5 3. Nf3 Bg4 4. h3 Bxf3 5. Qxf3 e6 6. g4 Nd7 7. Bg2 Qc7 8. d3 Bc5 9. Bd2 Ne7 10. 0-0-0 Rf8 11. Rhe1 0-0-0 12. exd5 cxd5 13. d4 Bb4 14. Kb1 Bxc3 15. Qxc3 Qxc3 16. Bxc3 Nc6 17. f4 Nb6 18. b3 Kd7 19. a4 f5 20. a5 Nc8 21. a6 b5 22. gxf5 Rxf5 23. Bf1 Nd6 24. Bd2 Rb8 25. Kb2 g6 26. c3 Rb6 27. Bd3 Rh5 28. Be2 Rf5 29. Bd3 Rf6 30. Ra1 Ne7 31. h4 h5 32. f5 exf5 33. Bg5 Re6 34. Re5 Rxe5 35. dxe5 Nc4+ 36. bxc4 bxc4+ 37. Kc2 cxd3+ 38. Kxd3 Nc6 39. Be3 Rb5 40. Kc2 Ke6 41. Rg1 Nxe5 42. Bxa7 Ra5 43. Bd4 Kd6 44. a7 f4 45. c4 dxc4 46. Ra1 Rxa7 47. Bxe5+ Kxe5 48. Rxa7 Kf5 49. Kd2 Kg4 50. Rf7 Kxh4 51. Rxf4+ Kg3 52. Rxc4 h4 53. Ke2 h3 54. Kf1 g5 55. Kg1 g4 56. Rc3+ 1-0

[Event "Manavgat Turkey Cup"]
[Site "Manavgat"]
[Date "2016.01.31"]
[Round "3"]
[White "Okus, Melih"]
[Black "Kerem, Halil Ozgun"]
[Result "1/2-1/2"]
[WhiteElo "2013"]
[BlackElo "1848"]
[PlyCount "140"]
[EventDate "2016.01.30"]
[EventType "swiss"]
[EventRounds "11"]
[EventCountry "TUR"]
[SourceTitle "CBM 170 Extra"]
[Source "ChessBase"]
[SourceDate "2016.02.25"]
[SourceVersion "1"]
[SourceVersionDate "2016.02.25"]
[SourceQuality "1"]

1. e4 c5 2. Nf3 d6 3. Bb5+ Nd7 4. c3 Ngf6 5. Qe2 a6 6. Ba4 b5 7. Bc2 e6 8. d4 Bb7 9. 0-0 Be7 10. Bg5 0-0 11. Nbd2 e5 12. Rfe1 Re8 13. Nf1 Qc7 14. d5 Bf8 15. Ng3 g6 16. Qd2 Bg7 17. Nh4 Nf8 18. Bh6 Bc8 19. Rf1 Ra7 20. Bxg7 Kxg7 21. f4 N6d7 22. f5 f6 23. fxg6 hxg6 24. Ngf5+ gxf5 25. Nxf5+ Kg8 26. Qh6 Nb6 27. Rf3 Bxf5 28. Rg3+ Bg6 29. Rxg6+ Nxg6 30. Qxg6+ Kf8 31. Qxf6+ Qf7 32. Qxd6+ Kg8 33. Rf1 Qg7 34. Qxb6 Rf7 35. Rxf7 Qxf7 36. Bd1 Qf4 37. Qg6+ Kf8 38. Qf5+ Qxf5 39. exf5 Kg7 40. Kf2 Kf6 41. g4 e4 42. h4 Ke5 43. Ke3 Kxd5 44. g5 Ke5 45. f6 Kf5 46. f7 Rh8 47. Bg4+ Kg6 48. Be6 Kg7 49. Kxe4 Rxh4+ 50. Kd5 Rh2 51. Kxc5 Rxb2 52. Kb6 Rd2 53. Bb3 Rd6+ 54. Ka5 Rc6 55. Kb4 Rg6 56. Ka5 Rc6 57. Bd5 Rc5 58. Bb3 Rc6 59. Kb4 Rg6 60. Ka5 Rc6 61. Bd5 Rc5 62. Bb3 Rc6 63. Kb4 Rg6 64. Ka5 Rc6 65. Bd5 Rc5 66. Bb3 Rc6 67. Kb4 Rg6 68. Ka5 Rc6 69. Bd5 Rc5 70. Bb3 Rc6 1/2-1/2

[Event "Manavgat Turkey Cup"]
[Site "Manavgat"]
[Date "2016.01.31"]
[Round "2"]
[White "Sahin, Huseyin"]
[Black "Okus, Melih"]
[Result "1/2-1/2"]
[WhiteElo "1811"]
[BlackElo "2013"]
[PlyCount "155"]
[EventDate "2016.01.30"]
[EventType "swiss"]
[EventRounds "11"]
[EventCountry "TUR"]
[SourceTitle "CBM 170 Extra"]
[Source "ChessBase"]
[SourceDate "2016.02.25"]
[SourceVersion "1"]
[SourceVersionDate "2016.02.25"]
[SourceQuality "1"]

1. d4 Nf6 2. e3 g6 3. f4 Bg7 4. Nf3 d6 5. Bc4 0-0 6. 0-0 c6 7. a4 Bg4 8. Nbd2 e5 9. h3 Bxf3 10. Nxf3 exf4 11. exf4 d5 12. Bd3 Ne4 13. c3 Nd7 14. Bxe4 dxe4 15. Ne5 Nxe5 16. fxe5 c5 17. Be3 cxd4 18. cxd4 Qd5 19. Rc1 Rac8 20. Qg4 Rc6 21. Rxc6 Qxc6 22. Rc1 Qxa4 23. Qxe4 Qb3 24. Rc7 Rb8 25. d5 Qd1+ 26. Kh2 Re8 27. Bd4 Qxd4 28. Qxd4 Bxe5+ 29. Qxe5 Rxe5 30. d6 Rd5 31. d7 Kg7 32. Rxb7 a5 33. Ra7 Kf6 34. Kg3 Ke6 35. Rxa5 Rxd7 36. Ra1 Rd3+ 37. Kh2 Rb3 38. Re1+ Kf5 39. Re2 Kg5 40. Kg1 f5 41. Kf2 h5 42. Rc2 h4 43. Rd2 Kf4 44. Rc2 g5 45. Rc4+ Ke5 46. Rc5+ Ke4 47. Rc2 Rb4 48. Ke2 g4 49. hxg4 fxg4 50. Rd2 Kf4 51. Kf2 g3+ 52. Ke1 Ra4 53. Ke2 Re4+ 54. Kf1 Kg4 55. Rd8 Kf4 56. b3 Ke3 57. Rd7 Rf4+ 58. Kg1 Rb4 59. Re7+ Kd2 60. Rd7+ Kc2 61. Rc7+ Kxb3 62. Kf1 Rf4+ 63. Kg1 Rc4 64. Rb7+ Kc2 65. Ra7 Kd3 66. Rd7+ Rd4 67. Re7 Re4 68. Rd7+ Ke2 69. Ra7 Ke3 70. Ra3+ Kf4 71. Kf1 Rb4 72. Ra8 Rb1+ 73. Ke2 Rg1 74. Ra4+ Kg5 75. Ra5+ Kg6 76. Ra6+ Kf7 77. Ra7+ Ke6 78. Kf3 1/2-1/2